00370nam a22001217a 4500008004100000020001800041082001400059100001800073245004200091250002600133260004500159650004400204200319b ||||| |||| 00| 0 eng d a9788123904078 a615.1 PAH aParmar, N. S. aHealth Education & Community Pharmacy a1st/e, Reprint 2019  aNew DelhibCBS Publishers & Distributors aCommunity Pharmacy and Health Education